Statistics for Second World War: The Allies

Click here to take the quiz!

General Stats

  • This quiz has been taken 49 times
    (41 since last reset)
  • The average score is 10 of 15

Answer Stats

Statements Answer% Correct
This nation was first at peace with Germany. They invaded Poland togetherSoviet Union
97%
This UK prime minister came after ChamberlainWinston Churchill
97%
Chiang Kai-Shek lead this nation, against Imperial JapanChina
94%
A South American nation, who helped with the war effort directly. They sent divisions to EuropeBrazil
89%
The leader of the Free French forces Charles de Gaulle
89%
This American president gave his approval to drop the atomic bombs on Japan Harry Truman
86%
These types of troops fall from the sky, and get behind enemy lines. Used by British and American forces during D-DayParatroopers
67%
This bottle bomb, was created by the Soviet Union. It is a bottle, filled with flammable liquidMolotov cocktail
64%
This American tank, was used as lend leases to England, Canada, Free French forces, and even the Soviet UnionM4 Sherman
61%
British colony in IndiaBritish Raj
56%
This nation aided the Soviet Union in the battles of Khalkhin Gol, against the Japanese Outer Mongolia
56%
They defended the city of Tobruk in AfricaAustralian Army
47%
This West Indies nation, is credited toward sinking one german submarineCuba
33%
Helped the RAF defend mainland England against GermanyCanada
19%
American volunteer pilots, who fought with the Chinese Air ForceFlying Tigers
11%

Score Distribution

Percentile by Number Answered

Percent of People with Each Score

Your Score History

You have not taken this quiz since the last reset